Online
Catalog

Enseñe a su hijo a comportarse / (Record no. 57236)

MARC details
000 -CABECERA
campo de control de longitud fija 01173nam a2200325 i 4500
003 - IDENTIFICADOR DEL NÚMERO DE CONTROL
campo de control DO-SdBNP
005 - FECHA Y HORA DE LA ÚLTIMA TRANSACCIÓN
campo de control 20240711112634.0
006 - CÓDIGOS DE INFORMACIÓN DE LONGITUD FIJA--CARACTERÍSTICAS DEL MATERIAL ADICIONAL
campo de control de longitud fija a||||gr|||| 00| 0
007 - CAMPO FIJO DE DESCRIPCIÓN FÍSICA--INFORMACIÓN GENERAL
campo de control de longitud fija ta
008 - DATOS DE LONGITUD FIJA--INFORMACIÓN GENERAL
campo de control de longitud fija 240710t1993 ag a|||| |||| 00| d spa d
020 ## - NÚMERO INTERNACIONAL ESTÁNDAR DEL LIBRO
Número Internacional Estándar del Libro 9501517462
040 ## - FUENTE DE LA CATALOGACIÓN
Centro catalogador/agencia de origen DO-SdBNP
Lengua de catalogación spa
Centro/agencia transcriptor BNPHU
Normas de descripción rda
041 ## - CÓDIGO DE LENGUA
Código de lengua original eng
082 #4 - NÚMERO DE LA CLASIFICACIÓN DECIMAL DEWEY
Número de edición 22
Número de documento/Ítem S294e
100 1# - ENTRADA PRINCIPAL--NOMBRE DE PERSONA
Nombre de persona Schaefer, Charles E.
Término indicativo de función/relación autor
9 (RLIN) 86048
245 10 - MENCIÓN DE TÍTULO
Título Enseñe a su hijo a comportarse /
Mención de responsabilidad, etc. Charles E. Schaefer y Teresa Foy Digeronimo; editor, Javier Vergara; traducción, Adelaida Ruiz
246 14 - FORMA VARIANTE DE TÍTULO
Título propio/Titulo breve Enseñe a su hijo a comportarse:
Resto del título aprende a educarlo con amor desde los dos a los ocho años.
264 #4 - PRODUCCIÓN, PUBLICACIÓN, DISTRIBUCIÓN, FABRICACIÓN Y COPYRIGHT
Producción, publicación, distribución, fabricación y copyright Buenos Aires, Argentina :
Nombre del de productor, editor, distribuidor, fabricante VERLAP S. A.,
Fecha de producción, publicación, distribución, fabricación o copyright ©1993
300 ## - DESCRIPCIÓN FÍSICA
Extensión 280 páginas :
Otras características físicas ilustraciones ;
Dimensiones 17 cm.
336 ## - TIPO DE CONTENIDO
Fuente rdacontent
Término de tipo de contenido texto
Código de tipo de contenido txt
337 ## - TIPO DE MEDIO
Fuente rdamedia
Nombre/término del tipo de medio sin mediación
Código del tipo de medio n
338 ## - TIPO DE SOPORTE
Fuente rdacarrier
Nombre/término del tipo de soporte volumen
Código del tipo de soporte nc
490 0# - MENCIÓN DE SERIE
Mención de serie Vergara Bolsillo ;
Designación de volumen o secuencia 71
534 ## - NOTA SOBRE LA VERSIÓN ORIGINAL
Encabezamiento principal del original Teach your Child to Behave.
Mención de edición del original Plume.
590 ## - NOTA LOCAL (RLIN)
Nota local Inventariado 2024 / MF
700 1# - PUNTO DE ACCESO ADICIONAL--NOMBRE DE PERSONA
Código de función/relación Digeronimo, Teresa Foy,
Término indicativo de función/relación autora
700 1# - PUNTO DE ACCESO ADICIONAL--NOMBRE DE PERSONA
Nombre de persona Vergara, Javier,
9 (RLIN) 12864
Término indicativo de función/relación editor
700 1# - PUNTO DE ACCESO ADICIONAL--NOMBRE DE PERSONA
Nombre de persona Ruiz, Adelaida,
Término indicativo de función/relación traductor
9 (RLIN) 86025
942 ## - ELEMENTOS DE PUNTO DE ACCESO ADICIONAL (KOHA)
Fuente del sistema de clasificación o colocación Dewey Decimal Classification
Tipo de ítem Koha Libro
Holdings
Estado de retiro Estado de pérdida Fuente del sistema de clasificación o colocación Restricciones de uso No para préstamo Código de colección Localización permanente Ubicación/localización actual Ubicación en estantería Fecha de adquisición Fuente de adquisición Total de préstamos Signatura topográfica completa Código de barras Fecha visto por última vez Precio válido a partir de Tipo de ítem Koha
    Dewey Decimal Classification Préstamo en sala   General Biblioteca Nacional Pedro Henríquez Ureña Biblioteca Nacional Pedro Henríquez Ureña En catalogación 10.07.2012 Donado por FUNDI   S294e 2024-4312 10.07.2024 10.07.2024 Libro

Powered by Koha